Schaums outline of theory and problems of numerical analysis Ed 2 (Record no. 241210)
[ view plain ]
| 000 -LEADER | |
|---|---|
| fixed length control field | 01365nam a22002537a 4500 |
| 005 - DATE AND TIME OF LATEST TRANSACTION | |
| control field | 20260410092455.0 |
| 008 - FIXED-LENGTH DATA ELEMENTS--GENERAL INFORMATION | |
| fixed length control field | 260410b |||||||| |||| 00| 0 eng d |
| 020 ## - INTERNATIONAL STANDARD BOOK NUMBER | |
| International Standard Book Number | 9789352607143 |
| 040 ## - CATALOGING SOURCE | |
| Transcribing agency | AL |
| 041 ## - LANGUAGE CODE | |
| Language code of text/sound track or separate title | eng |
| 082 ## - DEWEY DECIMAL CLASSIFICATION NUMBER | |
| Classification number | 519.4 |
| Item number | SCHS |
| 100 ## - MAIN ENTRY--PERSONAL NAME | |
| Personal name | Francis Scheid |
| 100 ## - MAIN ENTRY--PERSONAL NAME | |
| 9 (RLIN) | 261259 |
| 245 ## - TITLE STATEMENT | |
| Title | Schaums outline of theory and problems of numerical analysis Ed 2 |
| 250 ## - EDITION STATEMENT | |
| Edition statement | 2 |
| 260 ## - PUBLICATION, DISTRIBUTION, ETC. | |
| Place of publication, distribution, etc. | Chennai |
| Name of publisher, distributor, etc. | McGraw Hill Education India Pvt Ltd |
| Date of publication, distribution, etc. | 2017 |
| 300 ## - PHYSICAL DESCRIPTION | |
| Extent | vi,471p |
| Other physical details | PB |
| Dimensions | 28x20.5cm |
| 365 ## - TRADE PRICE | |
| Source of price type code | Information Science and Engineering |
| Price type code | VBI-2645 |
| Price amount | ₹596.25 |
| Currency code | ₹ |
| Unit of pricing | ₹795.00 |
| Price note | 25% |
| Price effective from | 20-02-2026 |
| 520 ## - SUMMARY, ETC. | |
| Summary, etc. | If you want top grades and thorough understanding of numerical analysis, this powerful study tool is the best tutor you can have! It takes you step-by-step through the subject and gives you accompanying related problems with fully worked solutions. You also get additional problems to solve on your own, working at your own speed. (Answers at the back show you how you’re doing.) Famous for their clarity, wealth of illustrations and examples―and lack of dreary minutiae―Schaum’s Outlines have sold more than 30 million copies worldwide. This guide will show you why! |
| 650 ## - SUBJECT ADDED ENTRY--TOPICAL TERM | |
| Topical term or geographic name entry element | Polynomial |
| 9 (RLIN) | 261260 |
| 650 ## - SUBJECT ADDED ENTRY--TOPICAL TERM | |
| Topical term or geographic name entry element | Integrations |
| 9 (RLIN) | 261261 |
| 650 ## - SUBJECT ADDED ENTRY--TOPICAL TERM | |
| Topical term or geographic name entry element | Splines |
| 9 (RLIN) | 261262 |
| 650 ## - SUBJECT ADDED ENTRY--TOPICAL TERM | |
| Topical term or geographic name entry element | Monte Carlo Methods |
| 9 (RLIN) | 261263 |
| 942 ## - ADDED ENTRY ELEMENTS (KOHA) | |
| Source of classification or shelving scheme | Dewey Decimal Classification |
| Koha item type | Book |
| Withdrawn status | Lost status | Source of classification or shelving scheme | Damaged status | Not for loan | Collection code | Home library | Current library | Date acquired | Source of acquisition | Cost, normal purchase price | Total Checkouts | Full call number | Barcode | Date last seen | Cost, replacement price | Price effective from | Koha item type |
|---|---|---|---|---|---|---|---|---|---|---|---|---|---|---|---|---|---|
| Dewey Decimal Classification | Information Science and Engineering | St Aloysius Engineering Library | St Aloysius Engineering Library | 04/08/2026 | Vidyarthi Books, Bengaluru-560076 | 596.25 | 519.4 SCHS | SE000475 | 04/10/2026 | 795.00 | 02/20/2026 | Book |